| 000 | 00535nam a2200169Ia 4500 | ||
|---|---|---|---|
| 999 |
_c26359 _d26359 |
||
| 003 | OSt | ||
| 005 | 20201221155304.0 | ||
| 008 | 190216s9999||||xx |||||||||||||| ||und|| | ||
| 040 | _coclc | ||
| 082 |
_a894.812 _bBHA/A |
||
| 100 |
_aBhaskaranunni, P _97448 |
||
| 245 | 0 |
_aAntharjanam Muthal Madhavikutty Vare / _cP Bhaskaranunni |
|
| 260 |
_bSahithya Pravarthaka Sahakarana Sangham, _aKottayam: |
||
| 300 | _a254p | ||
| 650 | _aMalayalam-Malayalam Criticism | ||
| 942 |
_cBK _2ddc _h894.812 _iBHA/A _k894.812 _mBHA/A |
||